Statistics for Biggest World Cities by Letter - B

Click here to take the quiz!

General Stats

  • This quiz has been taken 76,102 times
    (24,882 since last reset)
  • The average score is 14 of 22

Answer Stats

Country Population City % Correct
China20.0 milBeijing
97%
Thailand18.4 milBangkok
95%
Germany4.63 milBerlin
94%
Argentina16.1 milBuenos Aires
92%
Spain4.70 milBarcelona
91%
Iraq6.95 milBaghdad
87%
Hungary2.68 milBudapest
87%
Colombia9.65 milBogotá
87%
Brazil3.98 milBrasília
86%
United States7.60 milBoston
83%
Romania2.20 milBucharest
82%
United Kingdom3.10 milBirmingham
80%
Australia2.95 milBrisbane
74%
Azerbaijan2.53 milBaku
65%
India11.5 milBangalore
55%
South Korea4.18 milBusan
45%
Mali3.25 milBamako
43%
Brazil5.00 milBelo Horizonte
42%
Indonesia6.15 milBandung
19%
Brazil2.25 milBelem
19%
India2.30 milBhopal
14%
India2.73 milBhilai
6%

Score Distribution

Percentile by Number Answered

Percent of People with Each Score

Your Score History

You have not taken this quiz since the last reset